Les pays contenant entre 0 % et 10 % de chrétiens - Statistiques

Statistiques générales
  • Ce quiz a été pris 206 fois
  • Le résultat moyen est 32 sur 44
Statistiques - réponses
Hint Réponse % Correct
0,2 % Algérie
94%
1,1 % Maroc
94%
4,6 % Chine
89%
1,0 % Tunisie
88%
6,0 % Égypte
87%
5,5 % Arabie saoudite
85%
2,2 % Inde
85%
2,0 % Iran
84%
0,11 % Turquie
84%
1,6 % Pakistan
83%
3,0 % Irak
82%
8,7 % Indonésie
80%
3,2 % Mali
80%
3,0 % Libye
79%
0,1 % Somalie
79%
5,0 % Niger
78%
0,013 % Yémen
78%
0,1 % Afghanistan
77%
3,5 % Israël
75%
0,1 % Mauritanie
75%
8,5 % Qatar
75%
5,0 % Sénégal
75%
5,0 % Soudan
75%
2,0 % Corée du Nord
72%
2,5 % Oman
72%
1,3 % Laos
71%
9,1 % Malaisie
71%
7,2 % Vietnam
71%
0,7 % Thaïlande
69%
6,0 % Jordanie
68%
0,3 % Bangladesh
67%
1,4 % Mongolie
66%
0,9 % Népal
64%
2,0 % Cambodge
63%
6,2 % Sri Lanka
63%
9,0 % Ouzbékistan
62%
0,08 % Maldives
61%
9,0 % Bahreïn
59%
4,0 % Birmanie
57%
2,1 % Comores
54%
6,0 % Djibouti
54%
9,0 % Gambie
54%
4,8 % Azerbaïdjan
51%
1,0 % Bhoutan
51%
Aucun quiz correspondant
Distribution des résultats
% des personnes avec chaque résultat
Percentile par nombre de réponses
Votre historique - résultats
Vous n’avez pas pris ce quiz